Second places after Pogaçar - Statistics

General Stats
  • This quiz has been taken 42 times
  • The average score is 53 of 93
Answer Stats
Hint Answer % Correct
Tour de France 21 ST 17 Vingegaard
100%
Tour de France 21 ST 18 Vingegaard
100%
Tour de France 21 GC Vingegaard
100%
Tirreno Adriatico 22 ST 4 Vingegaard
100%
Tirreno Adriatico 22 ST 6 Vingegaard
100%
Tirreno Adriatico 22 GC Vingegaard
100%
Tour de France 22 ST 7 Vingegaard
100%
Tour de France 22 ST 17 Vingegaard
100%
Paris Nice 23 ST 8 Vingegaard
100%
Tour de France 23 ST 6 Vingegaard
100%
Tour de France 24 ST 14 Vingegaard
100%
Tour de France 22 ST 15 Vingegaard
100%
Tour de France 24 ST 20 Vingegaard
100%
Tour de France 24 ST 21 Vingegaard
100%
Tour de France 24 GC Vingegaard
100%
Tour de France 24 ST 4 Evenepoel
97%
Il Lombardia 24 Evenepoel
97%
Tour des Flanders 23 Van der Poel
94%
Vuelta España 19 ST 13 Roglic
89%
ITT Slovenian NC 20 Roglic
89%
Tour de France 20 ST 9 Roglic
89%
Tour de France 20 ST 15 Roglic
89%
Tour de France 20 GC Roglic
89%
Basque Country 21 ST 3 Roglic
89%
Tirreno Adriatico 21 GC Van Aert
89%
GP Montreal 22 Van Aert
89%
Giro dell' Emilia 24 Pidcock
86%
Strade Bianche 25 Pidcock
86%
Tour des Flanders 25 Pedersen
74%
UAE Tour 21 ST 3 Adam Yates
71%
UAE Tour 21 GC Adam Yates
71%
UAE Tour 22 ST 4 Adam Yates
71%
UAE Tour 22 ST 7 Adam Yates
71%
UAE Tour 22 GC Adam Yates
71%
Tirreno Adriatico 21 ST 4 Simon Yates
71%
Liege Bastogne Liege 24 Bardet
69%
ITT Slovenian NC 19 Mohoric
69%
T. of Slovenia 21 ST 2 Mohoric
69%
T. of Slovenia 22 ST 5 Mohoric
69%
Giro d´Italia 24 ST 2 Martinez
66%
Giro d´Italia 24 ST 8 Martinez
66%
Giro d´Italia 24 GC Martinez
66%
Liege Bastogne Liege 21 Alaphilippe
63%
Il Lombardia 22 Mas
63%
V. Andalucía 23 ST 2 Mas
63%
V. Andalucia 23 ST 4 Mas
63%
Paris Nice 23 ST 4 Gaudu
54%
Paris Nice 23 ST 7 Gaudu
54%
Paris Nice 23 GC Gaudu
54%
Road Race World Champs 24 O' Connor
54%
Vuelta España 19 ST 20 Valverde
51%
V. C. Valenciana 20 ST 2 Valverde
51%
Strade Bianche 22 Valverde
51%
Volta Catalunya 24 ST 6 Bernal
46%
Vuelta España 19 ST 9 Quintana
46%
Giro d´Italia 24 ST 15 Quintana
46%
Giro d´Italia 24 ST 7 Ganna
43%
Amstel Gold Race 23 Healy
43%
V. Andalucía 23 ST 1 Landa
43%
V. Andalucía 23 GC Landa
43%
Volta Catalunya 24 ST 2 Landa
43%
Volta Catalunya 24 ST 3 Landa
43%
Volta Catalunya 24 GC Landa
43%
Tour de France 20 ST 20 Dumoulin
40%
Tour de France 24 ST 19 Jorgenson
40%
T. of Slovenia 22 ST 3 Majka
37%
T. of Slovenia 22 GC Majka
37%
Giro d´Italia 24 ST 16 Pellizzari
37%
Tour de France 22 ST 6 Matthews
34%
UAE Tour 25 ST 7 Ciccone
26%
UAE Tour 25 GC Ciccone
26%
Il Lombardia 23 Bagioli
23%
Tour de France 23 ST 20 Gall
23%
UAE Tour 25 ST 3 Onley
23%
Fleche Wallone 23 Skjelmose
23%
Tour de France 21 ST 5 Küng
20%
V. Algarve 19 ST 2 Poels
17%
V. C. Valenciana 20 ST 4 Poels
17%
Strade Bianche 24 Skujins
17%
GP Montreal 24 Bilbao
14%
T. California 19 T 6 Higuita
14%
T. California 19 GC Higuita
14%
Tre Valli Varesini 22 Higuita
14%
UAE Tour 20 ST 5 Lutsenko
14%
Il Lombardia 21 Masnada
14%
Giro d´Italia 24 ST 20 Paret-Peintre
11%
T. of Slovenia 21 GC Ulissi
11%
Volta Catalunya 24 ST 7 Godon
9%
V. C. Valenciana 20 GC Haig
6%
Jaen Paraíso Interior 23 Turner
3%
V. Algarve 19 GC Kragh Andersen
0%
Road Race Slovenian NC 23 Megzec
0%
ITT Slovenian NC 23 Pavlic
0%
No matching quizzes found
Score Distribution
Percent of People with Each Score
Percentile by Number Answered
Your Score History
You have not taken this quiz